000 01036nam0a22002651 4500
001 rc\2812507
005 20250806210814.0
035 _a(NLR Aleph) 006938328
090 _a36654
_c36654
100 _a20110915d1944 u y0rusy50 ca
101 0 _arus
102 _aRU
105 _ay z |||||
200 1 _aТаблицы и номограммы, применяемые при обработке аэрологических наблюдений
_fСост. Н. И. Шимко
210 _aМосква
_cИзд-во Главсевморпути
_d1944
215 _a108 с., 1 л. номогр.
_cномогр.
_d29 см.
225 1 _aПособия и руководства
_fАркт. н.-и. ин-т Гл. упр. Сев. мор. пути при СНК СССР
_vВып. 3
700 1 _aШимко
_bН.И.
801 0 _aRU
_bNLR
_gpsbo
801 1 _aRU
_bELAR
_2rusmarc
852 _aNLR
_jГн10 Г-7/12
942 _cBOOK
945 _aРоссийская национальная библиотека
980 _aNB
980 _aBV